Nalaganje...

Osbert Sitwell

Bibliografske podrobnosti
Glavni avtor: Fulford, Roger
Format: Printed Book
Izdano: London Longmans Green & Co. 1951
Serija:Writers and Their Work, No.16
Teme:
LEADER 00487nam a2200157 4500
082 |a 821.09 SIT-F 
100 |a Fulford, Roger 
245 |a Osbert Sitwell 
250
260 |a London  |b Longmans Green & Co.  |c 1951 
300
490 |a Writers and Their Work, No.16 
650 |a English poetry criticism-- Literature 
942 |c BK 
999 |c 225198  |d 225198 
952 |0 0  |1 0  |4 0  |6 821_090000000000000_SITF  |7 0  |9 239331  |a SDE  |b SDE  |d 2019-12-12  |l 0  |o 821.09 SIT-F  |p SDE4510  |r 2019-12-12  |w 2019-12-12  |y BK